Coins and power in late Iron Age Britain (Record no. 3448)
[ view plain ]
| 000 -LEADER | |
|---|---|
| fixed length control field | 01620nam a2200409 a 4500 |
| 082 04 - DEWEY DECIMAL CLASSIFICATION NUMBER | |
| Classification number | 936.1/01 |
| 100 1# - MAIN ENTRY--AUTHOR NAME | |
| Personal name | Creighton, John, |
| 245 10 - TITLE STATEMENT | |
| Title | Coins and power in late Iron Age Britain |
| 260 ## - PUBLICATION, DISTRIBUTION, ETC. (IMPRINT) | |
| Place of publication | Cambridge UK ; |
| -- | New York : |
| Name of publisher | Cambridge University Press, |
| Year of publication | 2000. |
| 300 ## - PHYSICAL DESCRIPTION | |
| Number of Pages | xiv, 249 p. : |
| Other physical details | ill., maps. |
| 490 1# - SERIES STATEMENT | |
| Series statement | New studies in archaeology |
| 650 #0 - SUBJECT ADDED ENTRY--TOPICAL TERM | |
| Topical Term | Power (Social sciences) |
| Topical Term | Coinage |
| Topical Term | Coins, Celtic |
| Topical Term | Britons |
| Topical Term | Iron age |
| Topical Term | Coins, British. |
| 856 40 - ELECTRONIC LOCATION AND ACCESS | |
| Uniform Resource Identifier | http://site.ebrary.com/lib/rucke/Doc?id=10005749 |
No items available.
